01437nam a22002177a 450000500170000000800410001702000180005804000070007604100080008308200200009110000120011124500700012326000560019330000280024936500650027752008100034265000260115265000200117865000090119870000120120720240207113456.0240207b ||||| |||| 00| 0 eng d a9789358892338 cAL aeng 223a351.3bARIU aArihant aUPSC 2024 IAS Prelims Twenty Nine Years:bSolved Papers 1995-2023 aNew DelhibArihant Publications India Limitedc2024 axiv,839p.bPBc27x21cm. 2Competitive Exama7548b556.00c₹d695.00e20%f05-02-2024 aBOOK STRUCTURE UPSC (IAS) Solved Papers 2023 Entire syllabus covered in 2 Parts Mains Exam PYQs BOOK FEATURES Provides Previous Years’ Papers from 1995-2023 Structured in a Chapterwise-Topicwise manner Proper reference of the previous years’ Detailed explanation with updated facts in each question 5 Years’ Trend analysis and Preparation strategy Topicwise MAINS questions (Essay & GS I, II, III, IV) for practice More than 3500 revision bullets for last-minute revision UPSC (IAS) 2023 Solved Papers to analyze the exam trend WHY THIS BOOK? 15TH Revised edition of “UPSC 2024 IAS PRELIMS 29 YEARS’ CHAPTERWISE-TOPICWISE SOLVED PAPERS (1995-2023) About the Exam, Plan of the Exam, and detailed syllabus are given at the end Subjectwise Strategy and Trend Analysis of Paper I & II are also given aUPSC Competitive Exam aGeneral Studies aCSAT aARIHANT